000 00592nam a22002057a 4500
001 5729
003 FISKH
005 20250116164256.0
008 250116b cb ||||| |||| 00| 0 eng d
020 _a9788183853262
040 _aFISKH
_beng
_cFISKH
_dFISKH
100 _aDhiman, Sanjay
245 _aIndus valley civilization /
_cby Sanjay Dhiman
260 _aDelhi ;
_bBrijbasi Art Press Limited ;
_c2006.
300 _a46 pages :
_bcolor illustrations , maps ;
_c29 cm .
650 _acivilization
700 _aChowdhary, Eman
_eSenior editor
942 _2ddc
_cBK
_n0
999 _c5729
_d5729